[Event "Int. Championship of Central Serbia - O"]
[Site "Paracin"]
[Date "2011.07.14"]
[Round "8.2"]
[White "Nenezic, Marko"]
[Black "Blagojevic, Dragisa"]
[Result "1-0"]
[WhiteElo "2274"]
[BlackElo "2516"]
[PlyCount "65"]
[EventDate "2011.??.??"]

1. Nf3 d5 2. d4 Nf6 3. c4 e6 4. Nc3 Nbd7 5. Bg5 c6 6. e3 Qa5 7. cxd5 Nxd5 8.
Qd2 Bb4 9. Rc1 h6 10. Bh4 c5 11. a3 Bxc3 12. bxc3 b6 13. Bd3 Bb7 14. O-O O-O
15. e4 N5f6 16. Qe2 cxd4 17. cxd4 Rfc8 18. Nd2 Qxa3 19. Nc4 Qb4 20. Rb1 Qf8 21.
e5 Ne8 22. f4 g6 23. g4 Qg7 24. Bg3 Nf8 25. f5 exf5 26. gxf5 gxf5 27. Ne3 Qg5
28. Nxf5 Ng6 29. e6 Bd5 30. exf7+ Bxf7 31. Qg2 Kf8 32. h4 Qg4 33. Bd6+ 1-0

[Event "Int. Championship of Central Serbia - O"]
[Site "Paracin"]
[Date "2011.07.14"]
[Round "8.3"]
[White "Lajthajm, Borko"]
[Black "Saric, Sinisa"]
[Result "1/2-1/2"]
[WhiteElo "2481"]
[BlackElo "2472"]
[PlyCount "114"]
[EventDate "2011.??.??"]

1. d4 Nf6 2. c4 g6 3. Nc3 Bg7 4. e4 d6 5. h3 O-O 6. Bf4 Nc6 7. Nf3 Nxd4 8. Nxd4
e5 9. Be3 exd4 10. Bxd4 Re8 11. Bd3 Bf5 12. f3 d5 13. cxd5 Nxd5 14. Be2 Nxc3
15. Bxc3 Qh4+ 16. Kf1 Bxc3 17. bxc3 Be6 18. Qe1 Qf4 19. g3 Qe3 20. Qc1 Qxc1+
21. Rxc1 Bxa2 22. c4 a5 23. Bd1 b5 24. cxb5 a4 25. Ra1 Bc4+ 26. Be2 Be6 27. Kf2
a3 28. Rhc1 Ra7 29. Bc4 Bxc4 30. Rxc4 Rb8 31. Rc5 a2 32. Rc2 Rba8 33. h4 h5 34.
Ke3 Ra3+ 35. Kf4 R8a7 36. g4 hxg4 37. fxg4 Kg7 38. h5 f6 39. hxg6 Kxg6 40. Rc6
Rb3 41. Rc2 Rba3 42. Rc6 R3a5 43. Rc2 Ra4 44. Rb2 R7a5 45. Rc2 Ra3 46. Rc5 c6
47. Rxc6 Rxb5 48. Rc2 Rba5 49. Rb2 R3a4 50. Re2 Kf7 51. Rc2 Ke6 52. Rb2 Ra6 53.
Rd2 R4a5 54. Rc2 Ke7 55. Rb2 Kd6 56. Rc2 Kd7 57. Rb2 Ke6 1/2-1/2

[Event "Int. Championship of Central Serbia - O"]
[Site "Paracin"]
[Date "2011.07.14"]
[Round "8.4"]
[White "Miladinovic, Igor"]
[Black "Abramovic, Bosko"]
[Result "1-0"]
[WhiteElo "2566"]
[BlackElo "2464"]
[PlyCount "75"]
[EventDate "2011.??.??"]

1. d4 d5 2. Nc3 Nf6 3. Bg5 Nbd7 4. Nf3 g6 5. Ne5 Bg7 6. Nxd7 Qxd7 7. e3 c6 8.
Be2 Qc7 9. Bf4 Qb6 10. a3 Nd7 11. b4 e5 12. Bg3 O-O 13. O-O Re8 14. Na4 Qd8 15.
c3 Qe7 16. Re1 a5 17. b5 h5 18. h3 Qd6 19. c4 cxb5 20. c5 Qc6 21. Nc3 exd4 22.
exd4 Nf8 23. Nxb5 Ne6 24. Rb1 Bd7 25. Bf1 Red8 26. Rxe6 Bxe6 27. Nc7 Qd7 28.
Rxb7 Qe7 29. c6 Bc8 30. Nxd5 Qxa3 31. Ne7+ Kh7 32. Bd3 Kh8 33. Nxg6+ fxg6 34.
Rxg7 Kxg7 35. Be5+ Kg8 36. Bxg6 Qe7 37. Qxh5 Be6 38. Qh8# 1-0

[Event "Int. Championship of Central Serbia - O"]
[Site "Paracin"]
[Date "2011.07.14"]
[Round "8.5"]
[White "Doric, Darko"]
[Black "Savic, Miodrag R"]
[Result "1/2-1/2"]
[WhiteElo "2491"]
[BlackElo "2520"]
[PlyCount "86"]
[EventDate "2011.??.??"]

1. d4 Nf6 2. c4 e6 3. g3 d5 4. Nf3 a6 5. Bg2 dxc4 6. O-O Nc6 7. Bg5 Be7 8. e3
Rb8 9. Qc1 b5 10. b3 Na5 11. Nfd2 h6 12. Bxf6 Bxf6 13. bxc4 c5 14. Ne4 cxd4 15.
Nxf6+ Qxf6 16. cxb5 O-O 17. Na3 Qe7 18. exd4 axb5 19. Rb1 Ba6 20. Rd1 b4 21.
Nc2 Rfc8 22. Qb2 Be2 23. Re1 Nc4 24. Qa1 Bd3 25. Rbc1 Qa7 26. Ne3 Nxe3 27. fxe3
Qa3 28. Bf1 Be4 29. Bc4 Rc7 30. Bb3 Rbc8 31. Rxc7 Rxc7 32. Qd1 Rc3 33. Rf1 Bd3
34. Re1 Be4 35. Rf1 Rxe3 36. Qd2 Rd3 37. Qf4 Bg6 38. Bc2 Qxa2 39. Bxd3 Bxd3 40.
Qxf7+ Kh7 41. Rf2 Qb1+ 42. Kg2 Bf5 43. h3 Be4+ 1/2-1/2

[Event "Int. Championship of Central Serbia - O"]
[Site "Paracin"]
[Date "2011.07.14"]
[Round "8.6"]
[White "Pancevski, Filip"]
[Black "Smith, Bryan G"]
[Result "1/2-1/2"]
[WhiteElo "2410"]
[BlackElo "2503"]
[PlyCount "119"]
[EventDate "2011.??.??"]

1. e4 c5 2. Nc3 Nc6 3. g3 g6 4. d3 Bg7 5. Bg2 d6 6. Nge2 Rb8 7. Be3 Nf6 8. h3
b5 9. Qd2 b4 10. Nd1 O-O 11. O-O a5 12. g4 Ba6 13. f4 Nd7 14. Rb1 a4 15. b3 Nd4
16. g5 axb3 17. axb3 f5 18. gxf6 Nxe2+ 19. Qxe2 Nxf6 20. Bf3 Kh8 21. Qg2 Bb7
22. Nf2 Ra8 23. h4 Ra2 24. Rbc1 e6 25. Nh3 Nh5 26. Bxh5 gxh5 27. Ng5 Qe8 28.
Qh3 Rf6 29. Rf2 h6 30. f5 exf5 31. exf5 Bc8 32. Ne4 Rg6+ 33. Kf1 Be5 34. Bf4
Bxf4 35. Rxf4 Qe5 36. Rf2 Rg4 37. Qe3 Kh7 38. f6 Bf5 39. f7 Ra8 40. Qf3 Bxe4
41. f8=N+ Rxf8 42. Qxf8 Bg2+ 43. Rxg2 Rf4+ 44. Rf2 Rxf8 45. Rxf8 Qb2 46. Re1
Qxc2 47. Re7+ Kg6 48. Re6+ Kg7 49. Rf3 Qxb3 50. Rxd6 Qb1+ 51. Kg2 Qb2+ 52. Kf1
Qe5 53. Ra6 Qe7 54. Rg3+ Kh7 55. Rgg6 Qxh4 56. Rxh6+ Kg7 57. Rhg6+ Kf7 58. Rgb6
Qh1+ 59. Ke2 Qg2+ 60. Ke1 1/2-1/2

[Event "Int. Championship of Central Serbia - O"]
[Site "Paracin"]
[Date "2011.07.14"]
[Round "8.7"]
[White "Miljkovic, Miroslav D"]
[Black "Nestorovic, Lazar"]
[Result "1-0"]
[WhiteElo "2495"]
[BlackElo "2428"]
[PlyCount "57"]
[EventDate "2011.??.??"]

1. d4 Nf6 2. c4 e6 3. Nc3 Bb4 4. Qc2 b6 5. e4 Bb7 6. Bd3 c5 7. d5 b5 8. Nge2
bxc4 9. Bxc4 exd5 10. exd5 O-O 11. O-O d6 12. Bg5 h6 13. Bh4 Nbd7 14. Ne4 Qe7
15. N2g3 Qe5 16. f4 Qd4+ 17. Kh1 Nxd5 18. Bxd5 Bxd5 19. Nxd6 Bb3 20. Qxb3 Qxd6
21. Rad1 Qc7 22. Nf5 Kh7 23. a3 Ba5 24. Qa4 Nf6 25. Bxf6 gxf6 26. Rd7 Qb6 27.
Rd6 Qxb2 28. Qxa5 Rg8 29. Rd2 1-0

[Event "Int. Championship of Central Serbia - O"]
[Site "Paracin"]
[Date "2011.07.14"]
[Round "8.8"]
[White "Pezelj, Novak"]
[Black "Radlovacki, Jovan"]
[Result "1-0"]
[WhiteElo "2364"]
[BlackElo "2417"]
[PlyCount "141"]
[EventDate "2011.??.??"]

1. e4 c6 2. d4 d5 3. Nc3 dxe4 4. Nxe4 Nf6 5. Nxf6+ exf6 6. c3 Bd6 7. Bd3 Be6 8.
Ne2 Qc7 9. Ng3 g6 10. Ne4 Be7 11. O-O Nd7 12. Re1 O-O 13. Bc2 Rfe8 14. Bb3 Bxb3
15. axb3 f5 16. Nd2 Bd6 17. Nf1 Rxe1 18. Qxe1 Nf6 19. f3 c5 20. Be3 Re8 21. Qd2
a6 22. Re1 f4 23. Bf2 h5 24. Rxe8+ Nxe8 25. Qe2 Nf6 26. Nd2 cxd4 27. Bxd4 Bc5
28. Qf2 Nd7 29. Ne4 Be7 30. Qe2 Qa5 31. Qd1 Qd5 32. c4 Qe6 33. Bc3 f5 34. Nf2
Bc5 35. Kf1 Be7 36. Qd2 Qd6 37. Qxd6 Bxd6 38. Nd3 Nc5 39. Nxc5 Bxc5 40. b4 Be7
41. Ke2 Kf7 42. Kd3 Ke6 43. Kd4 b6 44. Kd3 Bd6 45. Bd4 b5 46. Bc3 Bc7 47. Bd2
Bb8 48. Be1 Bd6 49. Kd4 Be7 50. Bd2 g5 51. h3 h4 52. Be1 Bf8 53. Kc3 Bg7+ 54.
Kb3 bxc4+ 55. Kxc4 Bxb2 56. Kc5 Ba3 57. Kb6 Kd5 58. Kxa6 Kc4 59. b5 Bc5 60. Ba5
Kd3 61. Bb6 Bd6 62. Bd8 g4 63. b6 gxf3 64. gxf3 Bc5 65. b7 Bd6 66. Kb6 Ke3 67.
Bc7 Bxc7+ 68. Kxc7 Kxf3 69. b8=Q Kg2 70. Qb2+ Kg3 71. Qe5 1-0

[Event "Int. Championship of Central Serbia - OP"]
[Site "Paracin"]
[Date "2011.07.14"]
[Round "8.10"]
[White "Pikula, Dejan"]
[Black "Sertic, Rudolf"]
[Result "0-1"]
[WhiteElo "2532"]
[BlackElo "2406"]
[PlyCount "50"]
[EventDate "2011.07.08"]

1. e4 c5 2. Nf3 e6 3. d3 d5 4. Qe2 dxe4 5. dxe4 Nf6 6. e5 Nfd7 7. c4 Nc6 8. Nc3
Nd4 9. Qe4 f5 10. exf6 Nxf6 11. Qd3 e5 12. Nd2 Bf5 13. Qg3 Bd6 14. Bd3 Nh5 15.
Qe3 Nf4 16. Be4 Nc2+ 17. Bxc2 Nxg2+ 18. Ke2 Nxe3 19. Ba4+ Bd7 20. fxe3 Bxa4 21.
Nxa4 Qg5 22. Kd3 e4+ 23. Nxe4 Qg6 24. Nac3 O-O-O 25. Kc2 Rhe8 0-1

[Event "Int. Championship of Central Serbia - OP"]
[Site "Paracin"]
[Date "2011.07.14"]
[Round "8.11"]
[White "Pavlov, Sergey"]
[Black "Indjic, Aleksandar"]
[Result "1-0"]
[WhiteElo "2505"]
[BlackElo "2373"]
[PlyCount "127"]
[EventDate "2011.07.08"]

1. c4 e5 2. Nc3 Nc6 3. Nf3 g6 4. e3 f5 5. d4 e4 6. d5 exf3 7. dxc6 bxc6 8. Qxf3
Bg7 9. Bd3 Ne7 10. h4 d5 11. h5 Be6 12. hxg6 hxg6 13. Rxh8+ Bxh8 14. c5 Rb8 15.
Ne2 Rb4 16. Nd4 Rxd4 17. exd4 Bxd4 18. Be3 Bxb2 19. Rb1 Bc3+ 20. Kf1 Kd7 21.
Bf4 Qh8 22. Qg3 Ba5 23. Be5 Qh6 24. Bf4 Qh8 25. Be5 Qh6 26. f4 d4 27. Kg1 Bd2
28. Qh3 Qxh3 29. gxh3 Bxa2 30. Rb7 Nd5 31. Rxa7 Bxf4 32. Bxd4 Nb4 33. Be2 Be6
34. Ra4 Nd5 35. Ra8 Bg3 36. Rh8 Nf4 37. Ba6 Bd5 38. Bf6 Ke6 39. Bg5 Bf3 40.
Bc4+ Nd5 41. Re8+ Kd7 42. Rg8 f4 43. Rxg6 Be4 44. Rg7+ Ke6 45. h4 Kf5 46. h5 f3
47. h6 Be5 48. Rg8 Bd4+ 49. Kf1 Nf6 50. Bxf6 Kxf6 51. Rg4 Ke5 52. Rg7 Kf6 53.
Rf7+ Kg5 54. h7 Bf5 55. Rxc7 Bh3+ 56. Ke1 f2+ 57. Kd2 f1=Q 58. Bxf1 Bxf1 59.
Rxc6 Bh3 60. Rd6 Bg7 61. Rd8 Kg6 62. h8=Q Bxh8 63. Rxh8 Bd7 64. Rd8 1-0

[Event "Int. Championship of Central Serbia - OP"]
[Site "Paracin"]
[Date "2011.07.14"]
[Round "8.12"]
[White "Djosic, Slavoljub"]
[Black "Petkov, Vladimir"]
[Result "0-1"]
[WhiteElo "2213"]
[BlackElo "2490"]
[PlyCount "134"]
[EventDate "2011.07.08"]

1. e4 e5 2. Nc3 Nf6 3. f4 d5 4. fxe5 Nxe4 5. Nf3 Nc6 6. d3 Nxc3 7. bxc3 d4 8.
Be2 dxc3 9. Be3 Qd5 10. d4 Bf5 11. O-O Qe4 12. Bf2 Qxc2 13. Qxc2 Bxc2 14. Rac1
Be4 15. Rxc3 Bb4 16. Re3 Bd5 17. a3 Ba5 18. Rd1 Bb6 19. Rc3 O-O-O 20. Ne1 Rhe8
21. Rg3 g6 22. Bb5 a6 23. Ba4 Ba7 24. Bxc6 Bxc6 25. Rgd3 Bb5 26. R3d2 Rd5 27.
Nc2 Ba4 28. Nb4 Rd7 29. Rc1 Bb6 30. Na2 Bb3 31. Nc3 Bd5 32. Ne2 a5 33. Nf4 Bb3
34. Ne2 Kb8 35. Rd3 a4 36. Rh3 h5 37. Rf3 c6 38. h4 Ba7 39. Rf4 Red8 40. Kh2
Be6 41. Rb1 Bc4 42. Rb2 b5 43. Rf6 Kb7 44. Kg3 Bb6 45. Kf3 Re8 46. Kg3 Ree7 47.
Rf4 Ba5 48. Rf3 Bd5 49. Re3 Bb6 50. Rc3 Re8 51. Nf4 Bb3 52. Ne2 Be6 53. Rf3 Bg4
54. Rf4 Ba5 55. Rc2 Bc7 56. Rf6 Re6 57. Rxe6 Bxe6 58. Nf4 Bc4 59. Kf3 Bd8 60.
Rc3 Be7 61. Nd3 Rd8 62. Ke4 Bd5+ 63. Kf4 Bxg2 64. e6 f6 65. Kg3 Bd5 66. Nf4 Bd6
67. e7 Bxe7 0-1

[Event "Int. Championship of Central Serbia - OP"]
[Site "Paracin"]
[Date "2011.07.14"]
[Round "8.13"]
[White "Toth, Aleksandar"]
[Black "Farago, Ivan"]
[Result "1/2-1/2"]
[WhiteElo "2315"]
[BlackElo "2485"]
[PlyCount "119"]
[EventDate "2011.07.08"]

1. e4 c5 2. Nf3 e6 3. d3 Nc6 4. g3 d5 5. Nbd2 Bd6 6. Bg2 Nge7 7. O-O O-O 8. Re1
Qc7 9. Qe2 f6 10. c3 Bd7 11. a3 a5 12. a4 Rae8 13. Nb1 b6 14. Na3 Na7 15. Bh3
Ng6 16. Nc2 Bc6 17. Bg2 Qd7 18. b3 e5 19. h4 d4 20. h5 Ne7 21. cxd4 cxd4 22.
Ba3 b5 23. axb5 Nxb5 24. Bxd6 Qxd6 25. Rxa5 Nc3 26. Qd2 Ra8 27. Rea1 Rxa5 28.
Rxa5 Rb8 29. b4 Bd7 30. h6 g6 31. Nh4 Nc6 32. Ra6 Bc8 33. Ra1 Nxb4 34. Ra7 Bd7
35. Kh2 Nc6 36. Ra1 Qf8 37. Bh3 Bxh3 38. Kxh3 Ne7 39. Nf3 g5 40. Kg2 Nc6 41.
Ra6 Qc8 42. Ra1 Kf7 43. Ne3 dxe3 44. Qxc3 exf2 45. Rf1 Nd4 46. Qxc8 Rxc8 47.
Rxf2 Kg6 48. Nxd4 exd4 49. g4 Rc6 50. Rf5 Rc2+ 51. Kg3 Rd2 52. Rf3 Re2 53. Kh3
Kf7 54. Kg3 Ke6 55. Kh3 Kf7 56. Kg3 Kg6 57. Kh3 Ra2 58. Kg3 Ra6 59. Rf5 Rd6 60.
Rd5 1/2-1/2

[Event "Int. Championship of Central Serbia - OP"]
[Site "Paracin"]
[Date "2011.07.14"]
[Round "8.15"]
[White "Dinic, Dragan"]
[Black "Djukic, Nikola"]
[Result "0-1"]
[WhiteElo "2297"]
[BlackElo "2508"]
[PlyCount "98"]
[EventDate "2011.07.08"]

1. e4 c6 2. Nf3 d5 3. Nc3 Bg4 4. h3 Bxf3 5. Qxf3 e6 6. Be2 Nf6 7. d4 dxe4 8.
Qe3 Bb4 9. O-O Bxc3 10. Qxc3 O-O 11. Bg5 Nbd7 12. Qg3 Kh8 13. c3 h6 14. Bf4 Nd5
15. Bd6 Ne7 16. Bxe7 Qxe7 17. Qc7 Rab8 18. Bd1 Qd8 19. Qf4 f5 20. Bb3 e5 21.
dxe5 Qc7 22. f3 exf3 23. Rxf3 Nxe5 24. Rff1 Qb6+ 25. Kh1 Qc5 26. Rad1 Rbe8 27.
Rd2 g5 28. Qd4 Qxd4 29. Rxd4 Kg7 30. g3 Re7 31. Kg2 Ng6 32. Bc2 Re2+ 33. Rf2
Rxf2+ 34. Kxf2 Ne5 35. h4 f4 36. hxg5 hxg5 37. a4 Rh8 38. gxf4 gxf4 39. Kg2 f3+
40. Kg3 Rh5 41. Kf4 Rh2 42. Kxe5 Rxc2 43. Rf4 f2 44. b4 Kg6 45. a5 Kg5 46. Rf7
Kg4 47. Ke4 Kg3 48. Kd3 Rc1 49. Rg7+ Kh4 0-1

[Event "Int. Championship of Central Serbia - OP"]
[Site "Paracin"]
[Date "2011.07.14"]
[Round "8.16"]
[White "Cvetanovic, Uros"]
[Black "Arsovic, Zoran"]
[Result "1/2-1/2"]
[WhiteElo "2232"]
[BlackElo "2463"]
[PlyCount "88"]
[EventDate "2011.07.08"]

1. e4 c5 2. c3 e6 3. d4 d5 4. exd5 exd5 5. Nf3 Nc6 6. Be3 cxd4 7. Nxd4 Nf6 8.
Bg5 Be7 9. Be2 O-O 10. O-O h6 11. Bf4 Bc5 12. Nxc6 bxc6 13. Nd2 Bb6 14. Qc2 Re8
15. Bf3 Ng4 16. Qa4 Qf6 17. Bg3 Qg5 18. Qxc6 Be6 19. Rad1 h5 20. Qd6 h4 21. Bf4
Qg6 22. Bxg4 Bxg4 23. Qxg6 fxg6 24. Rc1 Re2 25. Nb3 Rf8 26. Be3 Rxb2 27. Bxb6
axb6 28. f3 Bf5 29. Rf2 Rxf2 30. Kxf2 Ra8 31. Ra1 Ra3 32. Ke1 Bd3 33. Kd2 Bc4
34. Nc1 d4 35. cxd4 h3 36. gxh3 Rxf3 37. a4 Rxh3 38. Rb1 Rxh2+ 39. Kc3 Bd5 40.
Rxb6 g5 41. a5 g4 42. Rg6 Rh6 43. Rxg4 Rc6+ 44. Kb2 Ra6 1/2-1/2

[Event "Int. Championship of Central Serbia - OP"]
[Site "Paracin"]
[Date "2011.07.14"]
[Round "8.17"]
[White "Savicevic, Vlatko"]
[Black "Nestorovic, Dejan"]
[Result "1/2-1/2"]
[WhiteElo "2334"]
[BlackElo "2404"]
[PlyCount "95"]
[EventDate "2011.07.08"]

1. e4 c5 2. Nf3 e6 3. d3 Nc6 4. g3 d6 5. Bg2 Nf6 6. O-O Be7 7. Re1 O-O 8. c3
Bd7 9. Nbd2 Rc8 10. a3 b5 11. d4 cxd4 12. cxd4 Qb6 13. Nb3 d5 14. exd5 Nxd5 15.
Bg5 Rfd8 16. Bxe7 Ncxe7 17. Ne5 Nf6 18. Qd2 Bc6 19. Nxc6 Nxc6 20. Rac1 Ne7 21.
Rc5 Rc7 22. Qa5 Qxa5 23. Nxa5 Rcd7 24. Rxb5 Rxd4 25. Rb7 R4d7 26. Rxd7 Rxd7 27.
Rc1 g5 28. h3 Kf8 29. Kf1 Nfd5 30. b4 Nb6 31. Ke2 Ke8 32. Nb3 Na4 33. Be4 Nd5
34. Bxd5 Rxd5 35. Rc8+ Ke7 36. Ke3 Nb6 37. Rc1 Rd7 38. Na5 f5 39. Rc6 Kf7 40.
Nb3 Nd5+ 41. Ke2 Rc7 42. Nd4 Rxc6 43. Nxc6 a6 44. Kd3 e5 45. Kc4 Nb6+ 46. Kd3
Nd5 47. Kc4 Nb6+ 48. Kd3 1/2-1/2

[Event "Int. Championship of Central Serbia - OP"]
[Site "Paracin"]
[Date "2011.07.14"]
[Round "8.18"]
[White "Ardeleanu, Alin"]
[Black "Gajic, Mladen"]
[Result "1/2-1/2"]
[WhiteElo "2394"]
[BlackElo "2269"]
[PlyCount "76"]
[EventDate "2011.07.08"]

1. e4 b6 2. d4 Bb7 3. Nc3 g6 4. Nf3 Bg7 5. Bc4 e6 6. O-O d6 7. d5 e5 8. Bb5+
Nd7 9. Ng5 a6 10. Bc6 Bxc6 11. dxc6 Ndf6 12. f4 h6 13. Nf3 Ne7 14. fxe5 dxe5
15. Nxe5 Qxd1 16. Nxd1 O-O 17. Nd7 Nxd7 18. cxd7 Rad8 19. Bd2 Rxd7 20. Bc3 Rfd8
21. Bxg7 Kxg7 22. Nc3 Rd2 23. Rad1 Rxd1 24. Rxd1 Rxd1+ 25. Nxd1 Kf6 26. Kf2 Ke5
27. Ke3 h5 28. Nf2 g5 29. Nd3+ Ke6 30. h3 Nc6 31. b3 a5 32. a3 Ne5 33. Nc1 c5
34. Ne2 Nc6 35. a4 Ke5 36. Nc1 Nb4 37. c3 Nc6 38. Ne2 h4 1/2-1/2

[Event "Int. Championship of Central Serbia - OP"]
[Site "Paracin"]
[Date "2011.07.14"]
[Round "8.19"]
[White "Andrijevic, Milan"]
[Black "Radosavljevic, Slobodan D"]
[Result "0-1"]
[WhiteElo "2365"]
[BlackElo "2223"]
[PlyCount "166"]
[EventDate "2011.07.08"]

1. e4 c5 2. Nf3 g6 3. Nc3 Bg7 4. d4 cxd4 5. Nxd4 Nc6 6. Be3 Nf6 7. Nb3 d6 8.
Be2 O-O 9. f4 Be6 10. O-O Rc8 11. Bf3 a6 12. Nd5 Bxd5 13. exd5 Na5 14. Nxa5
Qxa5 15. c3 b5 16. Qe1 Rc4 17. a3 Rb8 18. Bd4 Qd8 19. Rd1 Nd7 20. Be3 a5 21.
Be2 Rc7 22. f5 b4 23. axb4 axb4 24. cxb4 Bxb2 25. Rb1 Bf6 26. b5 Rc2 27. Qd1
Ra2 28. fxg6 hxg6 29. Rf3 Nc5 30. Bf1 Qa5 31. Bc4 Ra4 32. Qf1 Nd7 33. Rh3 Qc3
34. Rc1 Qb2 35. Qe2 Rc8 36. Qxb2 Bxb2 37. Rb1 Ba3 38. Be2 Bc5 39. Bxc5 Nxc5 40.
Rc3 Rb8 41. Rcc1 Rd4 42. Bf3 Kf8 43. Rc2 Nd7 44. Kf2 Nc5 45. Ke3 Rd3+ 46. Ke2
Ra3 47. Rd2 Ra5 48. Rdb2 Na4 49. Rb3 Rbxb5 50. Rxb5 Rxb5 51. Rxb5 Nc3+ 52. Ke3
Nxb5 53. h4 Kg7 54. g4 Kf6 55. Kf4 Nc3 56. g5+ Kg7 57. Ke3 Na4 58. Kd4 Nc5 59.
Bg4 e6 60. dxe6 fxe6 61. h5 gxh5 62. Bxh5 Nb3+ 63. Ke4 Kf8 64. Bg4 Nc5+ 65. Kd4
Ke7 66. Bd1 Nd7 67. Bb3 Nf8 68. Ke4 Ng6 69. Bc2 Kf7 70. Bb3 Ne7 71. Kf4 Ng6+
72. Ke4 Ne5 73. Ba2 Ke7 74. Bb3 Nd7 75. Ba2 Nc5+ 76. Kf4 Nd3+ 77. Kg4 d5 78.
Kh5 Nf4+ 79. Kh6 Kf7 80. Bb1 e5 81. Kh7 e4 82. Ba2 Ke6 83. Bb1 Kf5 0-1

[Event "Int. Championship of Central Serbia - OP"]
[Site "Paracin"]
[Date "2011.07.14"]
[Round "8.20"]
[White "Stankovic, Milos"]
[Black "Ganaus, Hannes"]
[Result "1-0"]
[WhiteElo "2364"]
[BlackElo "2287"]
[PlyCount "51"]
[EventDate "2011.07.08"]

1. e4 e6 2. d4 d5 3. Nc3 Bb4 4. e5 c5 5. Qg4 Ne7 6. dxc5 Nbc6 7. Nf3 d4 8. a3
Qa5 9. Rb1 dxc3 10. Be3 cxb2+ 11. axb4 Nxb4 12. Bd2 Nxc2+ 13. Kd1 Qxc5 14. Rxb2
Bd7 15. Rxc2 Qxf2 16. Bd3 h5 17. Qb4 Nc6 18. Qd6 Qxg2 19. Rf1 O-O-O 20. Ba5
Qxc2+ 21. Kxc2 Nxa5 22. Qc5+ Nc6 23. Ng5 Be8 24. Be4 Kb8 25. Nxf7 b6 26. Qa3
1-0

[Event "Int. Championship of Central Serbia - OP"]
[Site "Paracin"]
[Date "2011.07.14"]
[Round "8.21"]
[White "Martic, Ivan"]
[Black "Stefanovic, Vladimir"]
[Result "1/2-1/2"]
[WhiteElo "2347"]
[BlackElo "2176"]
[PlyCount "118"]
[EventDate "2011.07.08"]

1. e4 c5 2. Nf3 g6 3. d4 Bg7 4. Nc3 cxd4 5. Nxd4 Nc6 6. Be3 Nf6 7. Bc4 O-O 8.
Bb3 d6 9. f3 Bd7 10. Qd2 Qa5 11. O-O-O Rfc8 12. Kb1 Ne5 13. h4 Nc4 14. Bxc4
Rxc4 15. Nb3 Qc7 16. Bd4 Be6 17. h5 a5 18. hxg6 hxg6 19. Be3 Rc8 20. Bh6 Bh8
21. Nb5 Qb6 22. N5d4 a4 23. Bf8 Nh5 24. Rxh5 gxh5 25. Bxe7 axb3 26. Qg5+ Bg7
27. Bf6 bxc2+ 28. Nxc2 Kf8 29. Qxg7+ Ke8 30. Nd4 Rxd4 31. Bxd4 Qa6 32. b3 Qe2
33. Rh1 Qc2+ 34. Ka1 Bxb3 35. Bb2 Bxa2 36. Rc1 Qa4 37. Qh8+ Ke7 38. Bf6+ Ke6
39. Qxc8+ Kxf6 40. Qf5+ Ke7 41. Rc7+ Kf8 42. Rc8+ Ke7 43. Qg5+ f6 44. Qg7+ Bf7+
45. Kb2 Qd4+ 46. Ka3 Qa7+ 47. Kb2 Qd4+ 48. Kc2 Qf2+ 49. Kd1 Qf1+ 50. Kd2 Qf2+
51. Kd3 Qf1+ 52. Ke3 Qe1+ 53. Kf4 Qd2+ 54. Kg3 Qe1+ 55. Kh3 Qh1+ 56. Kg3 Qe1+
57. Kf4 Qd2+ 58. Kf5 Qa5+ 59. Kf4 Qd2+ 1/2-1/2

[Event "Int. Championship of Central Serbia - OP"]
[Site "Paracin"]
[Date "2011.07.14"]
[Round "8.23"]
[White "Radusinovic, Lazar"]
[Black "Djurovic, Goran"]
[Result "1/2-1/2"]
[WhiteElo "2283"]
[BlackElo "2328"]
[PlyCount "69"]
[EventDate "2011.07.08"]

1. Nf3 Nf6 2. g3 d5 3. d4 e6 4. Bg2 b5 5. O-O a5 6. Bg5 Be7 7. Nbd2 Nbd7 8. Re1
O-O 9. c3 Ba6 10. a3 b4 11. axb4 axb4 12. e4 bxc3 13. bxc3 c6 14. Qc2 h6 15.
Bxf6 Nxf6 16. Ne5 Bb7 17. exd5 Rxa1 18. Rxa1 cxd5 19. c4 Nd7 20. Nxd7 Qxd7 21.
c5 Bf6 22. Qb2 Bc6 23. Bf1 Qc7 24. Nf3 Rb8 25. Qc3 Be8 26. Bd3 Qb7 27. Ra6 Qb3
28. Qxb3 Rxb3 29. Be2 Kf8 30. Kg2 g5 31. h3 h5 32. Ra8 Ke7 33. Ra7+ Kf8 34. Ra8
Ke7 35. Ra7+ 1/2-1/2

[Event "Int. Championship of Central Serbia - OP"]
[Site "Paracin"]
[Date "2011.07.14"]
[Round "8.24"]
[White "Stanojevic, Branko"]
[Black "Vucinic, Gojko"]
[Result "0-1"]
[WhiteElo "2292"]
[BlackElo "2081"]
[PlyCount "78"]
[EventDate "2011.07.08"]

1. d4 Nf6 2. c4 c5 3. Nf3 cxd4 4. Nxd4 e5 5. Nc2 d5 6. cxd5 Qxd5 7. Bd2 Bc5 8.
Nc3 Qd6 9. Be3 Qb6 10. Bxc5 Qxc5 11. g3 Qc6 12. e4 O-O 13. Bg2 Bg4 14. Qd2 Na6
15. h3 Be6 16. O-O Rfd8 17. Qg5 Bc4 18. Rfd1 Qc5 19. Ne3 h6 20. Qh4 Nb4 21.
Nxc4 Qxc4 22. Bf1 Qc5 23. Rac1 Rac8 24. g4 Rd4 25. a3 Rxd1 26. Rxd1 Nc2 27. g5
Nd4 28. Rd3 hxg5 29. Qxg5 Nh7 30. Qg3 Rc6 31. Bg2 Rg6 32. Qe3 Ng5 33. Nd5 Ngf3+
34. Kh1 Nh4 35. Rc3 Qd6 36. Bf1 Ndf3 37. Bg2 Rxg2 38. Qxf3 Nxf3 39. Kxg2 Nd4
0-1

[Event "Int. Championship of Central Serbia - OP"]
[Site "Paracin"]
[Date "2011.07.14"]
[Round "8.25"]
[White "Milenkovic, Mladen"]
[Black "Zajic, Milan"]
[Result "1-0"]
[WhiteElo "2405"]
[BlackElo "2074"]
[PlyCount "77"]
[EventDate "2011.07.08"]

1. e4 c5 2. Nf3 d6 3. d4 cxd4 4. Nxd4 Nf6 5. Nc3 g6 6. Be3 Bg7 7. f3 O-O 8. Qd2
Nc6 9. O-O-O Nxd4 10. Bxd4 Be6 11. Kb1 Qc7 12. h4 Rfc8 13. h5 Qa5 14. hxg6 hxg6
15. a3 Rab8 16. Bd3 Bc4 17. Be3 Nd7 18. Bxc4 Rxc4 19. Nd5 Qxd2 20. Rxd2 e6 21.
b3 Rc5 22. Bxc5 Nxc5 23. Nf4 Kf8 24. Nd3 Nd7 25. Nb2 Ke7 26. Nc4 Be5 27. Nxe5
dxe5 28. Kb2 Rc8 29. Rhd1 Rc7 30. Rd3 Nb8 31. Rc3 Nc6 32. b4 a6 33. a4 Rd7 34.
Rxd7+ Kxd7 35. Rd3+ Kc7 36. c3 Na7 37. Kb3 b6 38. Rd1 Nc6 39. b5 1-0

[Event "Int. Championship of Central Serbia - OP"]
[Site "Paracin"]
[Date "2011.07.14"]
[Round "8.26"]
[White "Savic, Dragan"]
[Black "Weinzettl, Ernst"]
[Result "0-1"]
[WhiteElo "2160"]
[BlackElo "2335"]
[PlyCount "62"]
[EventDate "2011.07.08"]

1. e4 e6 2. d4 d5 3. e5 c5 4. c3 Qb6 5. Nf3 Nc6 6. dxc5 Bxc5 7. Qc2 Qc7 8. Bb5
Bd7 9. Qe2 a6 10. Bd3 Nge7 11. O-O Ng6 12. Re1 Ba7 13. b3 f6 14. Bxg6+ hxg6 15.
g3 O-O-O 16. Ba3 fxe5 17. Nxe5 Bxf2+ 18. Qxf2 Nxe5 19. Qe2 Qb6+ 20. Kg2 Bc6 21.
Qxe5 Rxh2+ 22. Kxh2 Qf2+ 23. Kh3 Rh8+ 24. Kg4 d4 25. Nd2 Qxd2 26. Qxd4 Qg2 27.
Rf1 e5 28. Qxe5 Qh3+ 29. Kf4 Rh5 30. Qd6 Qf5+ 31. Ke3 Qe4+ 0-1

[Event "Int. Championship of Central Serbia - OP"]
[Site "Paracin"]
[Date "2011.07.14"]
[Round "8.28"]
[White "Doric, Nenad"]
[Black "Ratkovic, Milovan"]
[Result "1-0"]
[WhiteElo "2322"]
[BlackElo "2146"]
[PlyCount "105"]
[EventDate "2011.07.08"]

1. d4 d5 2. c4 c6 3. Nf3 Nf6 4. e3 Bf5 5. Nc3 e6 6. Nh4 Bg6 7. Be2 Bd6 8. Qb3
Qc7 9. c5 Be7 10. f4 Be4 11. Bd2 Nbd7 12. Qd1 Ng8 13. Nf3 Bxf3 14. gxf3 Bh4+
15. Kf1 Ne7 16. Bd3 f5 17. b4 Bf6 18. b5 h6 19. h4 Kf7 20. h5 g6 21. hxg6+ Nxg6
22. bxc6 bxc6 23. Ne2 Rhg8 24. Be1 Rab8 25. Qc2 h5 26. Ng3 Nxf4 27. Bxf5 Ng6
28. Bd3 h4 29. Nh5 Ndf8 30. Nxf6 Kxf6 31. f4 Rh8 32. Qg2 Qg7 33. Qg4 Kf7 34.
Rb1 Rxb1 35. Bxb1 Qf6 36. Ke2 h3 37. Bg3 Rg8 38. Rxh3 Ke7 39. f5 exf5 40. Qxf5
Qxf5 41. Bxf5 Kf6 42. Bd3 Ne6 43. Rh7 Rg7 44. Rxg7 Kxg7 45. Ba6 Ng5 46. Bb8 Ne4
47. Kd3 Ne7 48. Bxa7 Nf2+ 49. Kc3 Kf7 50. Bb8 Ke8 51. a4 Kd7 52. a5 Nf5 53. Bb7
1-0